PARIKH'S TB OF MEDICAL JURISPRUDENCE FORENSIC MEDICINE AND TOXICOLOGY (Record no. 15094)

MARC details
000 -LEADER
fixed length control field 00295nam a22001217a 4500
003 - CONTROL NUMBER IDENTIFIER
control field SGT
082 ## - DEWEY DECIMAL CLASSIFICATION NUMBER
Classification number 614
Item number P16P
100 ## - MAIN ENTRY--PERSONAL NAME
Personal name PARIKH, C.K
245 ## - TITLE STATEMENT
Title PARIKH'S TB OF MEDICAL JURISPRUDENCE FORENSIC MEDICINE AND TOXICOLOGY
260 ## - PUBLICATION, DISTRIBUTION, ETC. (IMPRINT)
Place of publication, distribution, etc INDIA
Name of publisher, distributor, etc CBS
Year of Publication 2016
300 ## - PAGE DESCRIPTION
No. of Pages 722
942 ## - ADDED ENTRY ELEMENTS (KOHA)
Source of classification or shelving scheme Dewey Decimal Classification
Koha item type Books
942 ## - ADDED ENTRY ELEMENTS (KOHA)
-- 5
Holdings
Withdrawn status Lost status Source of classification or shelving scheme Damaged status Not for loan Collection code Home library Current library Shelving location Date acquired Vendor Name Cost, normal purchase price SGTU Bill Number Total Checkouts Full call number Accession No. (Barcode) Date last seen Date last borrowed Bill Date Koha item type Checked out
    Dewey Decimal Classification     MEDICAL SGT Medical Library SGT Medical Library Text Book 05/02/2018 ABC 695.00 SGTU 8923 1 614 P16P FM10501 09/07/2019 03/07/2019 27/10/201 Books  
    Dewey Decimal Classification     MEDICAL SGT Medical Library SGT Medical Library Text Book 05/02/2018 ABC 695.00 SGTU 8923 2 614 P16P FM10502 10/10/2022 23/09/2022 27/10/201 Books  
    Dewey Decimal Classification     MEDICAL SGT Medical Library SGT Medical Library Text Book 05/02/2018 ABC 695.00 SGTU 8923 1 614 P16P FM10503 29/05/2026 29/05/2026 27/10/201 Books 12/06/2026
    Dewey Decimal Classification     MEDICAL SGT Medical Library SGT Medical Library Text Book 05/02/2018 ABC 695.00 SGTU 8923 6 614 P16P FM10504 23/07/2022 15/07/2022 27/10/201 Books  
    Dewey Decimal Classification     MEDICAL SGT Medical Library SGT Medical Library Text Book 05/02/2018 ABC 695.00 SGTU 8923 2 614 P16P FM10505 08/11/2024 07/11/2024 27/10/201 Books